| 000 | 01075cam a2200265 4500 | ||
|---|---|---|---|
| 008 | 031103n2002 000 0 eng u | ||
| 020 | _a0748766472 | ||
| 035 | _a(Sirsi) u124218 | ||
| 041 | _aeng | ||
| 050 |
_a346.41066 _c18 |
||
| 100 |
_aMarsh _S. B. |
||
| 245 | _aBusiness law | ||
| 250 | _a8th ed. | ||
| 260 |
_aCheltenham _bNelson Thornes _c2002 |
||
| 300 |
_axix, 355p _c25cm. |
||
| 350 | _a21 | ||
| 520 | _aAimed primarily at students, this text offers a sound, clear approach to the wide spectrum of legal subjects connected with business law. Fully updated to include sections reflecting changes in courts and court proceedings; changes in tort and contract law, including recent negligence cases; changes in business associations, including the Limited Liability Partnership Act 2000; EU law and cases on employment law. Tables of cases and statutes. | ||
| 650 | _aBUSINESS LAW | ||
| 650 | _aCOMPANY LAW | ||
| 650 | _aEMPLOYMENT LAW | ||
| 650 | _aSALE OF GOODS | ||
| 690 | _aMANAGEMENT-BUSINESS MANAGEMENT | ||
| 700 | _aSoulsby, J. | ||
| 942 | _n0 | ||
| 999 |
_c103177 _d103177 |
||